000 00918nam0a22002411 4500
001 rc\2696165
005 20260407055151.0
035 _a(NLR Aleph) 006824360
090 _a6477466
_c6477466
100 _a20110915d1933 |||y0rusy50 ca
101 0 _arus
102 _aRU
105 _aa z |||||
200 1 _aЗа качество учебы
_eМетод. сборник в помощь школе
210 _aСталинград
_cН.-Волж. краев. гос. изд-во
_d1933
_gтипо-лит. № 2 Крайполиграфтреста
215 _a64 с., 1 с. "Содержание" на обл.
_cил.
_d19х14 см.
710 0 2 _aНижне-Волжский краевой отдел народного образования
_3RU\NLR\AUTH\8810025656
_9549538
801 0 _aRU
_bNLR
_gpsbo
801 1 _aRU
_bELAR
_2rusmarc
852 _aNLR
_j33-9/4968
942 _cBOOK
980 _aNB